000
00299nam a22001337a 4500
020
_a
0-75253-412-2
082
_a
823
_b
PAR/S
100
_a
PARRAGON BOOKS
245
_a
SMALLEST GIANT AND OTHER STORIES
260
_a
UK
_b
PARRAGON BOOKS
_c
2001
300
_a
190
520
_a
SHORT STORY
942
_c
BK
999
_c
5850
_d
5850